Fundamentos de marketing (Registro nro. 2936)

Detalles MARC
000 -LEADER
fixed length control field 01909 a2200205 4500
001 - CONTROL NUMBER
control field 38977
005 - DATE AND TIME OF LATEST TRANSACTION
control field 20260407155649.0
008 - FIXED-LENGTH DATA ELEMENTS--GENERAL INFORMATION
fixed length control field 260407a1970 arg spa d
003 - CONTROL NUMBER IDENTIFIER
control field AR-UNSa-BCEJYS
040 ## - CATALOGING SOURCE
Original cataloging agency AR-UNSa-BCEJYS
Language of cataloging spa
Transcribing agency AR-UNSa-BCEJYS
080 ## - UNIVERSAL DECIMAL CLASSIFICATION NUMBER
Universal Decimal Classification number 658.8
Common auxiliary subdivision Organización de mercados. Marketing. Ventas. Distribución
041 ## - LANGUAGE CODE
Language code of text/sound track or separate title spa
100 1# - MAIN ENTRY--PERSONAL NAME
Personal name Stanton, William J.
245 10 - TITLE STATEMENT
Title Fundamentos de marketing
264 #1 - PRODUCTION, PUBLICATION, DISTRIBUTION, MANUFACTURE, AND COPYRIGHT NOTICE
Place of production, publication, distribution, manufacture Panamá :
Name of producer, publisher, distributor, manufacturer Libros McGraw-Hill
Date of production, publication, distribution, manufacture, or copyright notice 1970
300 ## - PHYSICAL DESCRIPTION
Extent 756 p.
Dimensions 24 cm.
505 ## - FORMATTED CONTENTS NOTE
Formatted contents note Parte I: Marketing Moderno: 1. El marketing en la economía - 2. El papel de la dirección en el marketing - 3. Investigación de marketing - 4. Los mercados, la gente y el dinero - 5. Motivaciones y comportamiento del consumidor - 6. Patrones de compra del consumidor y bienes del consumo - 7. El mercado industrial - 8. Planificación y desarrollo del producto - 9. Política y estrategias de la linea de productos - 10. Marcas, empaquetado y otras carcterísticas de producto - 11. Canales de distribución y mercado minorista - 12. Minoristas y sus métodos operativos - 13. El mercado al por mayor y los inetrmediarios mayoristas - 14. Conflictos de competencias y coopración en los canales de distribución - 16. Dirección de la distribución física - 17. El precio y objetivos de mismo - 18. Determinación de precios en lapráctica - 19. Políticas y estrategias del precio - 20. Plíticas y estrategias del precio(continuación)- 21. El programa de promoción - 22. Dirección de la venta personal - 23. Dirección dela publicidad - 24. El marketing de servicios - 25. El marketing de productos agrícolas - 26. El marketing internacional - 27. Planificación del mercado - 28. Análisis del volumen de ventas - 28. Análisis del volumen de ventas y costos de marketing - 29. El marketing: valoración y perspectivas.
590 ## - LOCAL NOTE (RLIN)
Local note niveau_biblio:m niveau_hierar:0
942 ## - ADDED ENTRY ELEMENTS (KOHA)
Koha item type
Existencias
Withdrawn status Lost status Damaged status Not for loan Home library Current library Shelving location Date acquired Total checkouts Full call number Barcode Date last seen Price effective from Koha item type
        Biblioteca Prof. Eusebio Cleto del Rey Biblioteca Prof. Eusebio Cleto del Rey   07/04/2026   658.8 S792f L23573 07/04/2026 07/04/2026 Libro